| 000 -LEADER |
| fixed length control field |
00255nam a2200109Ia 4500 |
| 008 - FIXED-LENGTH DATA ELEMENTS--GENERAL INFORMATION |
| fixed length control field |
190902s9999||||xx |||||||||||||| ||und|| |
| 100 ## - MAIN ENTRY--PERSONAL NAME |
| Personal name |
Ronald W.Hilton |
| 245 #0 - TITLE STATEMENT |
| Title |
Managerial Accounting |
| 260 ## - PUBLICATION, DISTRIBUTION, ETC. (IMPRINT) |
| Place of publication, distribution, etc |
India |
| Name of publisher, distributor, etc |
S. Chand |
| Date of publication, distribution, etc |
2003 |
| 300 ## - PHYSICAL DESCRIPTION |
| Extent |
250 |
| 942 ## - ADDED ENTRY ELEMENTS (KOHA) |
| Koha item type |
Books |